Catalog

Record Details

Catalog Search



Vedení programu primární prevence sociálně patologických jevů : absolventská práce Cover Image Book Book

Vedení programu primární prevence sociálně patologických jevů : absolventská práce Lenka Hermanová ; Vedoucí práce: Marie Ortová

Record details

  • Physical Description: 56 s. 3 příl.

Content descriptions

Bibliography, etc. Note:
bibliogr. s. 49

Available copies

  • 1 of 1 copy available at Common Catalog SPOK.

Holds

  • 0 current holds with 1 total copy.
Show All Copies
Location Call Number / Copy Notes Barcode Shelving Location Status Due Date
Jabok Library ABP-1449 424480022830 Absolventské práce Reference -

LDR 00737ntm a22 a 4500
00114168
003CZ-PrJAB
00520120719134303.0
008090521s2008 xr e |||| |cze
009cz
035 . ‡a(CONS)14168
035 . ‡aKPS0018816
0410 . ‡acze
10011. ‡714970 ‡aHermanová, Lenka
110 2. ‡aJabok - Vyšší odborná škola sociálně pedagogická a teologická
2451 . ‡aVedení programu primární prevence sociálně patologických jevů : ‡babsolventská práce ‡cLenka Hermanová ; Vedoucí práce: Marie Ortová
260 . ‡aPraha ‡c2008
300 . ‡a56 s. ‡b3 příl.
504 . ‡abibliogr. s. 49
653 . ‡aprogramy primární prevence ‡aprimární prevence ‡asociálně patologické jevy ‡alektoři
70011. ‡74205 ‡aOrtová, Marie
999 . ‡a1449- ‡c1449- ‡i424480022830 ‡tP
910 . ‡aABG312
901 . ‡a14168 ‡bUnknown ‡c14168 ‡tbiblio

Additional Resources